Statistics for Actors and actressess who have been nominated 6 or more times for Oscar

Click here to take the quiz!

General Stats

  • This quiz has been taken 230 times
    (214 since last reset)
  • The average score is 9 of 19

Answer Stats

OccasionsAnswer% Correct
20Streep
96%
12Hepburn
84%
12Nicholson
74%
7De Niro
70%
10Davis
58%
8Brando
55%
7Fonda
51%
7Washington
50%
7Hoffman
47%
7Blanchett
44%
6Close
44%
9Tracy
43%
8O'Toole
41%
7Burton
40%
7Bergman
38%
6Smith
36%
8Lemmon
32%
6Caine
25%
6Lange
22%

Score Distribution

Percentile by Number Answered

Percent of People with Each Score

Your Score History

You have not taken this quiz since the last reset